| 000 | 00633nam a2200193 a 4500 | ||
|---|---|---|---|
| 001 | 000023403 | ||
| 005 | 20200930022208.0 | ||
| 008 | 101206s1976 ag a r 000 0 spa d | ||
| 040 |
_aDO-SdBNP _bspa _cBNPHU |
||
| 082 |
_axxxx _bP317i |
||
| 100 | 1 |
_aPatterson, Paula G. de _948218 |
|
| 245 | 1 | 3 |
_aLa iglesia ministrando a los parvulos / _cPaulina G. de Patterson y Ruth Dominguez H. |
| 250 | _a2a ed. | ||
| 260 |
_aBuenos Aires, Argentina : _bCasa Bautista de Publicaciones, _c1976. |
||
| 300 |
_a85 p. : _bil. ; _c18 cm. |
||
| 500 | _aIncluye notas al pie de las páginas. | ||
| 700 | 1 |
_aDomínguez H., Ruth _945572 |
|
| 049 | _aBNGR | ||
| 999 |
_c22900 _d22900 |
||